| 000 | 02414nam a2200313Ia 4500 | ||
|---|---|---|---|
| 999 |
_c41341 _d41341 |
||
| 001 | 7999 | ||
| 003 | GE_BSU | ||
| 005 | 20240212164403.0 | ||
| 008 | 181216s2010ge xx |||||||||||||| ||geo|| | ||
| 020 | _a9789941411267 | ||
| 040 | _cGE_BSU | ||
| 041 | _ageo | ||
| 080 | _a174:61+614+27-42 ა-26 | ||
| 100 |
_aახალაძე, ადამი( ვახტანგ არქიმანდრიტი) _914979 |
||
| 245 |
_aადამიანი ბიოეთიკურ დროსა და სივრცეში = A Human in bioethical space and time = Человек в биоэтическом времени и пространстве / _cადამი( ვახტანგ არქიმანდრიტი) ; რედ. ნინო მიქაბერიძე ; ინგლ. ენაზე მთარგმნ. ცისანა (მარიამ) ბოცვაძე ; მხატ. რედ. ცოტნე-გიორგი ომიაძე. |
||
| 264 |
_aთბილისი : _bსეზანი, _c2010. |
||
| 300 |
_a245 გვ. : _c23 სმ. |
||
| 440 |
_aთამარის დროშის ბიბლიოთეკა _914980 |
||
| 500 | _aეძღვნება კათოლიკოს - პატრიარქის ილია II აღსაყდრებიდან 33-ე წლისთავს | ||
| 546 | _aტექსტი ქართულ, ინგლისურ და რუსულ ენებზე | ||
| 653 | _aადამიანი ბიოეთიკურ დროსა და სივრცეში | ||
| 653 | _aბიოეთიკა | ||
| 700 |
_aმიქაბერიძე, ნინო _eრედაქტორი _914972 |
||
| 700 |
_a ბოცვაძე, ცისანა (მარიამ) _eმთარგმნელი _914981 |
||
| 700 |
_aომიაძე. ცოტნე-გიორგი _eმხატვარ რედაქტორი _914982 |
||
| 710 |
_aსაქ. საპატრიარქოს წმ. თამარ მეფის სახ. სასწ. უნ-ტი _914983 |
||
| 710 |
_aსულიერი და სოციალურ-კულტ. განვ. ფონდი "თამარის დროშა"კონრად ადენაუერის ფონდი _921227 |
||
| 942 |
_cBK _2udc |
||